000 00319nam a22001337a 4500
008 250424b |||||||| |||| 00| 0 eng d
020 _a0761972056
050 _aPE 1471
_b.R43
100 _aReelman Peter
245 _aGood Essay Writing
250 _a2nd
260 _aLondon
_bSAGE Publications Inc
_c2001
942 _cBK
999 _c3166
_d3166